Statistiken für Zweitgrößte Städte der jeweiligen Bundesländer

Klicken Sie hier um das Quiz zu spielen!

Allgemein

  • Dieses Quiz wurde 295 mal gespielt
  • Das Durchschnittsergebnis liegt bei 13 aus 16

Antwortstatistiken

BundesländerZweitgrößte StadtEinwohner% Korrekt
BayernNürnberg518.365
99%
BerlinBerlin3.664.826
96%
BremenBremerhaven113.634
96%
Nordrhein-WestfalenDüsseldorf619.294
96%
HamburgHamburg1.841.179
95%
Mecklenburg-VorpommernSchwerin95.818
93%
HessenWiesbaden278.342
93%
SachsenDresden554.649
91%
Baden-WürttembergKarlsruhe313.092
84%
NiedersachsenBraunschweig248.292
80%
Schleswig-HolsteinLübeck217.198
77%
BrandenburgCottbus100.219
73%
Sachsen-AnhaltMagdeburg238.697
73%
ThüringenJena111.407
72%
Rheinland-PfalzLudwigshafen am Rhein171.061
60%
SaarlandNeunkirchen46.469
47%

Verteilung der Resultate

Perzentil nach korrekt beantworteten Fragen

Anzahl Personen mit jedem Resultat

Ihre Resultats-Entwicklung

Sie haben dieses Quiz noch nicht gespielt